[Event "FIDE Chesscom Grand Swiss 2021"]
[Site "Riga"]
[Date "2021.10.31"]
[Round "5.11"]
[White "Harikrishna, Pentala"]
[Black "Swiercz, Dariusz"]
[Result "1/2-1/2"]
[WhiteElo "2719"]
[BlackElo "2647"]
[Annotator "TA"]
[PlyCount "136"]
[EventDate "2021.10.27"]
[EventType "swiss"]
[EventCountry "LAT"]
[Tiebreak "Cut1 Buchholz+Sonneborn-Berger (Swiss)"]
[SourceTitle "playchess.com"]
[Source "ChessBase"]
[SourceQuality "1"]

{[%evp 15,135,3,12,1,9,0,0,-17,0,0,-9,-17,-15,-14,0,-30,-25,-20,-11,-64,-63,
-135,-139,-146,-134,-162,-131,-220,-156,-161,-131,-153,-157,-149,-122,-112,
-114,-154,-115,-181,-166,-177,-114,-118,-110,-114,-107,-124,-120,-112,-105,
-127,-122,-122,-127,-180,-111,-170,-114,-156,-171,-233,-230,-214,-214,-225,
-213,-225,-225,-239,-233,-231,-245,-277,-275,-264,-256,-237,-81,-199,-164,-950,
-964,-943,-811,-702,0,0,0,-783,-699,-654,-534,-1270,-1347,-1264,-1234,-1020,
-24,-24,0,0,0,-8,0,0,0,0,0,0,0,0,0,0,0,0,0,0,0,0,0,0]} 1. e4 c5 2. Nf3 d6 3. d4
cxd4 4. Nxd4 Nf6 5. Nc3 a6 6. Bd3 e5 7. Nde2 Be7 8. O-O O-O 9. Ng3 {B90:
Sicilian Najdorf: Unusual White 6th moves, 6 Be3 Ng4 and 6 Be3 e5.} Be6 10. f4
exf4 11. Bxf4 Nbd7 12. Kh1 Ne5 13. Nf5 {[#]} Bxf5 $146 ({Predecessor:} 13... h6
14. Qd2 Bxf5 15. exf5 Re8 16. Rae1 Qc7 17. Re3 Rad8 18. Rfe1 Nc4 19. Bxc4 Qxc4
{0-1 (32) Borawski,J (2063)-Wadelek,K (1892) Warsaw 2015}) 14. exf5 Re8 15. Be2
Rc8 16. Bg5 h6 17. Be3 (17. Bxf6 $11 Bxf6 18. Nd5) 17... d5 $15 18. Bf3 (18. a3
$15) 18... Bc5 $17 19. Bf4 {[%cal Rf3d5]} Nxf3 20. Qxf3 d4 21. Rad1 (21. Ne2
$17) 21... Qd7 22. Ne2 Qxf5 {White must now prevent ...g5.} 23. Ng3 Qd5 (23...
Qxc2 24. Bxh6 Qg6 25. Bxg7 $15) 24. Qd3 Ne4 (24... Qxa2 $6 25. Bxh6 Rc6 26. Nf5
$15) 25. c3 Rcd8 26. b4 Bf8 27. c4 (27. Nxe4 $17 {might work better.} Rxe4 28.
a3) 27... Nxg3+ $19 28. Bxg3 Qe4 (28... Qd7 $1 $19 29. c5 Re3) 29. a3 Qxd3 30.
Rxd3 g6 31. Kg1 Re4 32. Rfd1 f5 33. Bf2 {[%cal Rd3d4]} Bg7 34. a4 Kf7 35. b5 (
35. g3 $17 {was worth a try.}) 35... Bf6 (35... a5 $1 $19 36. c5 Ke6) 36. Kf1 {
[#]} (36. bxa6 $17 bxa6 37. c5) 36... h5 (36... a5 $1 $19 37. c5 Ke6) 37. Rc1
Rc8 38. c5 (38. bxa6 {was called for.} bxa6 39. Rb3) 38... axb5 39. axb5 Ke6
40. c6 bxc6 41. bxc6 {[#]} Be5 $1 42. Rb3 Bxh2 43. g3 {intending Kg2.} f4 44.
c7 Kd7 45. Rd1 Rxc7 ({Weaker is} 45... Kxc7 46. Bxd4 Kd7 47. Bg1+ Ke6 48. Rb6+
(48. Bxh2 Rc2 $11) 48... Kf5 49. Rd5+ (49. Bxh2 Rc2 $11) 49... Kg4 50. Rxg6+ (
50. Bxh2 Rc1+ 51. Kf2 Rc2+ 52. Kf1 Rxh2 $17) 50... Kf3 51. Rd3+ Re3 52. Bxe3
$11) 46. Bxd4 {Threatens to win with Be5+.} Ke6 ({Inferior is} 46... fxg3 47.
Be5+ Ke6 48. Bxc7 $11) (46... Ke7 $19 47. Bf2 fxg3 48. Bxg3 Bxg3 49. Rxg3 Rc6)
47. Rb6+ (47. Kg2 $17 {only move.}) 47... Kf5 48. g4+ (48. Kg2) 48... hxg4 49.
Rb5+ Ke6 50. Rb6+ Kf5 51. Rb5+ Ke6 52. Rb6+ Kf7 53. Rf6+ Ke8 54. Rxg6 {Hoping
for Rg8+.} f3 55. Bf2 Kf7 56. Rg5 Be5 $2 ({Black should play} 56... Ke6 $19 {
Strongly threatening ...Rc2.} 57. Rb1 Rc2) 57. Re1 $11 Bf6 (57... Rxe1+ {
is interesting.} 58. Bxe1 Bd6 59. Rxg4 Rc1 60. Kf2 Bc5+) 58. Rxe4 {The
position is equal.} Bxg5 59. Rxg4 {[%mdl 4096] Endgame KRB-KRB} Bd2 60. Be1 Rc1
61. Re4 $1 Kg6 (61... Kf6 {feels hotter.} 62. Kf2 Bxe1+ 63. Rxe1 Rxe1 64. Kxe1
Kg5) 62. Kf2 Bxe1+ 63. Rxe1 Rxe1 64. Kxe1 {KP-K} Kf5 65. Kf2 Kf4 (65... Ke4 $5)
66. Kf1 Ke3 {( -> ...f2)} 67. Ke1 f2+ 68. Kf1 Kf3 {Black had all chances to
win.  Weighted Error Value: White=0.40/Black=0.22} 1/2-1/2

[Event "FIDE Chesscom Grand Swiss 2021"]
[Site "Riga"]
[Date "2021.10.31"]
[Round "5.12"]
[White "Abdusattorov, Nodirbek"]
[Black "Dubov, Daniil"]
[Result "1/2-1/2"]
[WhiteElo "2646"]
[BlackElo "2714"]
[Annotator "TA"]
[PlyCount "207"]
[EventDate "2021.10.27"]
[EventType "swiss"]
[EventCountry "LAT"]
[Tiebreak "Cut1 Buchholz+Sonneborn-Berger (Swiss)"]
[SourceTitle "playchess.com"]
[Source "ChessBase"]
[SourceQuality "1"]

{[%evp 16,207,11,0,27,21,11,17,23,18,39,30,77,72,68,29,80,84,95,91,64,66,79,76,
79,70,87,14,13,9,9,15,7,0,21,16,20,0,64,63,69,65,62,7,7,7,5,6,6,4,83,83,83,86,
83,72,73,75,73,87,91,66,91,61,97,95,95,98,102,98,93,93,104,45,81,89,75,77,75,
81,177,177,177,177,267,267,259,260,260,260,260,260,253,245,238,231,224,177,177,
89,436,436,436,224,321,209,150,75,209,75,78,75,78,78,81,81,80,75,80,80,80,80,
80,80,78,78,78,78,78,78,78,78,80,78,78,75,75,75,75,75,75,75,75,75,436,436,436,
436,436,75,436,436,461,73,75,75,73,73,75,75,436,436,461,75,75,75,436,75,75,75,
75,75,75,66,75,75,73,67,75,67,51,44,73,73,461,436,461,0,0,0,0,0,0,0]} 1. c4 e5
2. g3 Nc6 3. Nc3 g6 4. Rb1 a5 5. a3 Bg7 6. b4 axb4 7. axb4 Nf6 8. Bg2 O-O 9. d3
Ne7 {A25: English Opening vs King's Indian with ...Nc6 but without early d3.}
10. Qb3 c6 11. Nf3 d5 12. Nxe5 {[#]} Nf5 $146 ({Predecessor:} 12... Be6 13. O-O
Ne8 14. Nf3 dxc4 15. dxc4 Nd6 16. Qc2 Bxc4 17. Bf4 Bxc3 18. Qxc3 Nd5 {1/2-1/2 
(37) Pigusov,E (2500)-Balashov,Y (2530) Irkutsk 1986}) 13. O-O Re8 14. Nf3 Be6
15. Ng5 dxc4 (15... Bd7 $11) 16. dxc4 $16 Bc8 17. e3 Ng4 18. Nce4 h6 19. Nh3 g5
20. Bb2 Qe7 21. Rfe1 (21. Rbd1 $16) 21... Bxb2 $11 22. Qxb2 Nd6 $1 {[%cal
Rd6e4]} 23. Nxd6 Qxd6 24. Rbd1 Qf6 25. Qxf6 Nxf6 26. f4 gxf4 ({Better is} 26...
Ra4 $11) 27. Nxf4 $14 Ra4 28. Rd6 $36 {[%mdl 2048] White fights for an
advantage.} Kg7 29. Rf1 (29. b5 $14 Rxc4 30. bxc6 bxc6 31. Rxc6 (31. Bxc6 Re5
$14) 31... Rxc6 32. Bxc6) 29... Be6 $11 30. Nxe6+ Rxe6 31. Rd4 Rxb4 32. Rdf4 $1
b5 (32... c5 $11 {keeps the balance.}) 33. Bh3 $16 Rd6 34. e4 $1 Rxc4 35. e5 {
[%csl LRd6,LRf6][%mdl 64] Double Attack} Rxf4 36. gxf4 Rd3 37. exf6+ Kxf6 {
[%mdl 4096] Endgame KRB-KR} 38. Kg2 c5 39. Ra1 c4 40. Ra6+ Kg7 41. Bf5 Rd2+ 42.
Kg3 b4 43. Rc6 c3 44. h4 ({White should try} 44. h3 $16) 44... Rd1 45. Rb6 $1 {
[%cal Rb6b4]} Rc1 46. Kg4 $1 ({But not} 46. Rxb4 c2 $11) 46... Rg1+ 47. Kf3 Rc1
(47... Rf1+ $16 48. Ke3 Re1+ 49. Kd3 Rd1+ 50. Ke2 Rd2+ 51. Ke3 Rb2) 48. Ke2 $18
({Stronger than} 48. Rxb4 c2 $11) 48... c2 49. Kd2 Rd1+ (49... Rf1 $142 50.
Bxc2 (50. Kxc2 Rxf4 51. Rb5 Kf6 $11) 50... Rf2+ 51. Kc1 Rxf4) 50. Kxc2 Rd4 51.
h5 $1 Rxf4 52. Bd3 Rh4 53. Be2 Rd4 54. Rc6 Re4 55. Kd2 Re5 56. Rc7 Kf6 57. Rb7
({White should play} 57. Rc4 $1 $18) 57... Rg5 $2 {[%mdl 8192]} (57... Rd5+ $16
58. Ke3 Re5+ 59. Kf2 Re4) 58. Rxb4 Kg7 59. Rb7 (59. Rg4 $142) 59... Kf6 (59...
Rd5+ $142 60. Ke3 Kf6) 60. Ke3 Re5+ 61. Kf2 (61. Kd3 $142 $1) 61... Kg7 (61...
Rf5+ $16 62. Kg3 Rc5) 62. Bg4 (62. Rb5 $1 $18 {[%cal Rb5e5] is the precise
move to win.} Rxb5 63. Bxb5) 62... Rg5 63. Kg3 Re5 64. Kf4 Rg5 65. Rd7 Kf6 66.
Kg3 Re5 67. Bf3 Rg5+ 68. Kh4 Rf5 69. Bd5 Kg7 70. Be6 Rf6 71. Bb3 {Threatens to
win with Kg4.} Rf4+ 72. Kg3 Rf5 73. Kg4 Rg5+ 74. Kh4 Rf5 75. Bc2 (75. Rc7 {
feels hotter.} Kf8 76. Bc4 Rf4+ 77. Kh3 Rf5 78. Kg3) 75... Rf4+ 76. Kg3 Rf6 77.
Kg4 Rf1 78. Be4 Kf6 79. Bg2 Rf2 $2 {[%mdl 8192]} (79... Rg1 $16) 80. Bf3 Rf1
81. Kg3 $1 Rg1+ 82. Bg2 $2 (82. Kf2 $18 Rg5 83. Rd6+ Kg7 84. Rb6) 82... Re1 $2
{[%mdl 8192]} (82... Ke6 $16 83. Rb7 Rd1) 83. Bd5 Re7 84. Rd6+ $2 (84. Rxe7 $18
{has better winning chances. Intending Re2 and mate.} Kxe7 85. Kh4) 84... Kg5
85. Rd8 Re3+ 86. Bf3 Kf6 87. Kf4 Re5 $2 {[%mdl 8192] [#]} (87... Re7 $16 {
is more resistant.} 88. Rh8 Kg7) 88. Rd6+ $1 Re6 89. Rd5 $2 (89. Rc6 $18) 89...
Re1 90. Ra5 Rg1 $2 {[%mdl 8192] [#]} (90... Rf1 $16 {is tougher.} 91. Rf5+ Ke6)
91. Ra6+ $2 (91. Rf5+ $1 $18 {and the rest is easy.} Kg7 92. Ra5) 91... Kg7 $16
92. Ra7 Rg5 93. Rd7 Rg1 94. Be2 Rg2 95. Bg4 {And now Be6 would win.} Rf2+ 96.
Bf3 {Kg4 is the strong threat.} Rb2 97. Ke5 Rf2 98. Rd3 {aiming for Rc3.} Rf1
99. Bd5 {Black must now prevent Rg3+.} Rf2 $2 {[%mdl 8192]} (99... Re1+ $16 {
is a better chance.} 100. Be4 Rg1) 100. Kd6 Kf8 101. Kd7 $2 (101. Rf3 $18 Rxf3
102. Bxf3) 101... Rf5 $11 {The position is equal.} 102. Bb3 {Hoping for Rh3.}
Rf2 103. Rd6 {Strongly threatening Bd1.} Kg7 104. Ke7 {Weighted Error Value:
White=0.16/Black=0.29} 1/2-1/2

[Event "FIDE Chesscom Grand Swiss 2021"]
[Site "Riga"]
[Date "2021.10.31"]
[Round "5.13"]
[White "Alekseenko, Kirill"]
[Black "Deac, Bogdan-Daniel"]
[Result "0-1"]
[WhiteElo "2710"]
[BlackElo "2643"]
[Annotator "TA"]
[PlyCount "76"]
[EventDate "2021.10.27"]
[EventType "swiss"]
[EventCountry "LAT"]
[Tiebreak "Cut1 Buchholz+Sonneborn-Berger (Swiss)"]
[SourceTitle "playchess.com"]
[Source "ChessBase"]
[SourceQuality "1"]

{[%evp 13,76,21,36,25,41,37,41,29,40,47,40,7,13,7,18,0,14,0,0,0,0,0,0,14,0,10,
9,8,8,0,0,0,15,0,12,-22,-29,-73,-65,-129,-136,-132,-125,-188,-186,-180,-194,
-193,-191,-187,-172,-198,-197,-177,-193,-180,-183,-223,-224,-800,-800,-799,
-760,-671,-654]} 1. e4 e5 2. Nf3 Nc6 3. Bc4 Bc5 4. c3 Nf6 5. d3 d6 6. Bg5 h6 7.
Bh4 a6 8. Nbd2 {C54: Giuoco Piano: 4 c3 Nf6, main lines with 5 d4 and 5 d3.}
Qe7 9. O-O Ba7 10. b4 {[%cal Bb2b4,Bb4b5][%mdl 32] White is slightly better.}
Be6 $5 {[%mdl 4] Leaves trodden paths.} 11. a4 O-O 12. Kh1 Bxc4 13. Nxc4 Qe6 {
[#]} 14. b5 $146 (14. Re1 {is interesting.} g5 15. Bg3 Kg7 16. Rb1 Nd7 17. Na5)
({Predecessor:} 14. Ne3 Bxe3 15. fxe3 Nh7 16. Bg3 b5 17. Qc2 Rfd8 18. Rfd1 Nf8
19. d4 exd4 20. exd4 {1-0 (30) Gabrielian,A (2502)-Ortega,M (2447) Lisbon 2018}
) 14... Ne7 15. Bxf6 Qxf6 16. Rb1 Qe6 17. b6 cxb6 18. Nxb6 Rad8 19. Qb3 Qxb3
20. Rxb3 f5 21. exf5 Rxf5 22. Nc4 Nd5 23. Rxb7 Rf7 24. Rxf7 Kxf7 25. Rb1 {
Rb7+ is the strong threat.} Ke6 $1 26. Rb3 {[#]} (26. Rb7 $15 Rd7 27. Rb3)
26... Rb8 $1 $36 {[%cal Rb8b3][%mdl 2048] Black is in control.} ({Don't do} 
26... Bxf2 27. g3 $15) 27. Rxb8 Bxb8 {[%mdl 4096] Endgame KBN-KNN} 28. Kg1 (28.
Ne1 $17 {might work better.}) 28... Nxc3 $19 29. Nb2 d5 {aiming for ...Bd6.}
30. Ne1 Kd6 31. Nc2 Kc5 32. Kf1 Kb6 33. Ke1 {[#]} Ka5 $1 34. Kd2 Nxa4 35. Nxa4
Kxa4 36. Ne3 $2 (36. Kc3) 36... Kb3 {Black is clearly winning.} 37. Nxd5 a5 {
[%cal Ba6a5,Ba5a4][%mdl 32]} 38. Nb6 a4 {Weighted Error Value: White=0.37/
Black=0.02} 0-1

[Event "FIDE Chesscom Grand Swiss 2021"]
[Site "Riga"]
[Date "2021.10.31"]
[Round "5.14"]
[White "Sasikiran, Krishnan"]
[Black "Fedoseev, Vladimir"]
[Result "1-0"]
[WhiteElo "2640"]
[BlackElo "2704"]
[Annotator "TA"]
[PlyCount "105"]
[EventDate "2021.10.27"]
[EventType "swiss"]
[EventCountry "LAT"]
[Tiebreak "Cut1 Buchholz+Sonneborn-Berger (Swiss)"]
[SourceTitle "playchess.com"]
[Source "ChessBase"]
[SourceQuality "1"]

{[%evp 11,105,0,5,0,0,0,0,0,20,19,15,0,0,0,0,0,0,0,12,-8,-18,0,46,29,129,147,
149,100,177,184,177,193,185,159,257,271,266,244,273,258,265,263,301,297,220,
172,170,141,235,229,234,234,246,258,266,251,288,262,250,251,288,218,248,184,
228,212,245,204,214,190,206,208,237,172,302,295,393,381,377,383,373,346,449,
454,618,632,652,638,736,742,719,566,1113,1120,1012,948]} 1. e4 e6 2. d4 d5 3.
Nc3 Bb4 4. Nge2 Ne7 5. a3 Ba5 6. b4 Bb6 7. Bb2 {C15: French: 3 Nc3 Bb4:
Unusual White 4th moves.} O-O 8. g3 a5 9. b5 {[#] The position is equal.} f5
$146 ({Predecessor:} 9... c5 10. dxc5 Bxc5 11. exd5 Qb6 12. Ne4 Qxb5 13. Nxc5
Qxb2 14. dxe6 Nbc6 15. Bg2 Bxe6 16. Nxe6 fxe6 {0-1 (29) Grzegorski,M (1752)
-Gdanski,J (2493) Bydgoszcz 2021}) 10. e5 a4 11. Nf4 c5 12. Bg2 cxd4 13. Nce2
Ra5 14. Qd3 Qe8 15. Nxd4 Bxd4 16. Bxd4 Bd7 17. Qc3 b6 {[#]} (17... Rxb5 $11 {
remains equal.} 18. Bf1 Qf7) 18. Rb1 $1 $16 Ng6 19. Nxg6 (19. Bxb6 $6 Rxb5 20.
O-O Nxf4 $11) 19... Qxg6 (19... hxg6 $16 {was necessary.} 20. Bf1 (20. Bxb6
Rxb5 21. Kd2 Na6 $14) 20... Bxb5) 20. Qd3 $18 ({Don't do} 20. Bxb6 $6 Rxb5 21.
O-O f4 $14) 20... Qe8 {[%cal Rd7b5]} 21. Bf1 (21. Bxb6 $6 Bxb5 22. Qd2 Ra6 $14)
21... Qc8 22. Qe3 Qb7 (22... Qe8 $16 23. Bxb6 Rxb5 24. Bxb5 Bxb5) 23. f3 ({
But not} 23. Bxb6 $6 d4 $16) 23... Rc8 24. Bd3 Be8 25. Bxb6 Ra8 26. O-O Rc3 27.
Bc5 Nd7 28. Bb4 Rcc8 29. Bd6 Bh5 (29... Nb6 $16 {was called for.} 30. Bc5 Nc4
31. Bxc4 dxc4) 30. b6 Rc6 31. Bc7 Rxc7 32. bxc7 Qxc7 33. Rfe1 Rd8 34. Rb4 Nc5
35. Bf1 h6 36. Rd4 Bg6 37. Rd2 Rb8 38. Qc3 Qb6 {[#] Strongly threatening ...
Ne4+.} 39. Qd4 Qa5 40. Red1 Bh5 41. Rf2 Kh7 42. Kg2 Kg8 (42... Be8 {is a
better defense.} 43. Be2 Qc7) 43. c4 Nb3 44. Qh4 Bf7 {Now ...d4 and Black
clings on.} 45. cxd5 exd5 46. Qe7 d4 47. e6 {White is clearly winning.} Bg6 48.
Rc2 Re8 49. Qd7 Kh7 50. Rc7 {[%csl Gc7][%cal Rd7g7]} Rg8 51. e7 Be8 52. Qd6 Bf7
53. e8=Q {Weighted Error Value: White=0.14/Black=0.32} 1-0

[Event "FIDE Chesscom Grand Swiss 2021"]
[Site "Riga"]
[Date "2021.10.31"]
[Round "5.15"]
[White "Tabatabaei, M. Amin"]
[Black "Artemiev, Vladislav"]
[Result "1/2-1/2"]
[WhiteElo "2639"]
[BlackElo "2699"]
[Annotator "TA"]
[PlyCount "65"]
[EventDate "2021.10.27"]
[EventType "swiss"]
[EventCountry "LAT"]
[Tiebreak "Cut1 Buchholz+Sonneborn-Berger (Swiss)"]
[SourceTitle "playchess.com"]
[Source "ChessBase"]
[SourceQuality "1"]

{[%evp 20,65,33,27,29,28,27,0,2,0,0,0,0,0,0,0,0,-24,0,0,0,0,0,0,0,0,0,0,0,0,0,
0,0,0,0,-2,-9,-14,0,-80,-52,-46,0,0,0,0,0,0]} 1. e4 e5 2. Nf3 Nc6 3. Bb5 Nf6 4.
d3 d6 5. O-O Be7 6. Re1 O-O 7. c3 a6 8. Ba4 Re8 9. Nbd2 {[%cal Bb1d2,Bd2f1,
Bf1g3][%mdl 32]} Bf8 10. Nf1 h6 11. Ng3 b5 {C77: Ruy Lopez: 3...a6 4 Ba4 Nf6,
unusual lines.} 12. Bc2 d5 13. a4 {[#] Black must now prevent axb5.} dxe4 14.
dxe4 Qxd1 {[#]} 15. Rxd1 $146 {With the idea axb5.} ({Predecessor:} 15. Bxd1 b4
16. h3 bxc3 17. bxc3 Rb8 18. a5 Na7 19. Ba4 Bd7 20. Be3 Nb5 21. Red1 {0-1 (79)
Vachier Lagrave,M (2779)-Dominguez Perez,L (2739) Chess.com INT 2018}) 15... b4
16. a5 bxc3 17. bxc3 Rb8 18. h3 Rb5 19. Ba4 Rxa5 20. Be3 Bd7 21. Bxc6 Rxa1 22.
Rxa1 Bxc6 23. Rxa6 Bb7 24. Ra7 Bxe4 25. Nxe4 Nxe4 26. Rxc7 f5 27. c4 f4 28. Bb6
Ra8 29. Rc6 ({Don't blunder} 29. Nxe5 $2 Bd6 $19) (29. Kh2 $11 {remains equal.}
) 29... Ra1+ 30. Kh2 Bd6 31. Rc8+ {The position is equal.} Kh7 32. c5 Bxc5 33.
Bxc5 {Weighted Error Value: White=0.12/Black=0.05} 1/2-1/2

[Event "FIDE Chesscom Grand Swiss 2021"]
[Site "Riga"]
[Date "2021.10.31"]
[Round "5.16"]
[White "Navara, David"]
[Black "Gukesh D"]
[Result "1-0"]
[WhiteElo "2691"]
[BlackElo "2640"]
[Annotator "TA"]
[PlyCount "81"]
[EventDate "2021.10.27"]
[EventType "swiss"]
[EventCountry "LAT"]
[Tiebreak "Cut1 Buchholz+Sonneborn-Berger (Swiss)"]
[SourceTitle "playchess.com"]
[Source "ChessBase"]
[SourceQuality "1"]

{[%evp 10,81,25,23,34,34,34,35,28,18,18,22,14,14,15,11,14,16,18,8,50,43,67,-15,
-12,-7,-7,-13,-14,-13,-26,-14,-12,-52,0,0,0,0,0,0,0,0,0,0,0,0,93,89,79,113,83,
80,85,14,120,126,120,121,132,143,5047,5043,1443,1163,29980,29981,29981,29982,
29982,29983,29983,29984,29984,29985]} 1. e4 c5 2. Nf3 Nc6 3. Nc3 e5 4. Bc4 Be7
5. d3 d6 6. O-O h6 {B30: Sicilian: 2...Nc6 3 Bb5, lines without ...g6.} 7. Nd5
Nf6 8. c3 O-O {White is slightly better.} 9. a3 Nxd5 10. Bxd5 Bf6 11. b4 Ne7
12. Bb3 b6 13. Re1 Bb7 {[#]} 14. bxc5 $146 ({Predecessor:} 14. Qe2 Rc8 15. Bb2
Ng6 16. g3 Qc7 17. h4 Kh8 18. Nh2 Qd7 19. Qh5 d5 20. Rad1 dxe4 21. dxe4 {
1-0 (38) Ivanisevic,I (2210)-Knezevic,B (2290) Cetinje 1993}) 14... dxc5 15. d4
Qc7 16. h4 (16. d5 $14) 16... cxd4 17. cxd4 exd4 {Black wants to play ...d3!}
18. e5 Bxf3 19. Qxf3 Bxe5 20. Bxf7+ Kh8 {...Nc6 is the strong threat.} 21. Qh5
$1 {[#]} Nf5 22. Bg6 $1 $11 {[%cal Rg6f5]} Qc3 {[%cal Rc3e1]} 23. Bxh6 Nxh6 24.
Qxe5 Rxf2 $1 25. Rac1 Qxa3 26. Rc7 {[%csl Gc7][%cal Re5g7]} Rf6 $1 27. Be4 {
White wants to mate with Rxg7.} Rd8 (27... Raf8 $1 $11 {remains equal.} 28. Qg5
R8f7 29. Rc8+ Rf8) 28. Qg5 $16 {[%csl Gc7][%cal Rg5g7]} Qf8 29. Bd3 $1 {
Threatens to win with Ree7.} Ng8 30. Rxa7 $40 {[%mdl 128] White goes for the
king.} Rc8 31. Qg4 ({White should play} 31. Rb7 $16) 31... Rh6 {[#]} (31...
Rfc6 $1 $11) 32. Rf7 $3 {[%mdl 512]} Qxf7 33. Qxc8 b5 ({Avoid the trap} 33...
Rxh4 $2 34. Bc4 $18) 34. Bxb5 d3 $2 {[%mdl 8192] [#] This costs Black the game.
} (34... Qd5 $16 35. Bd3 (35. Bc4 Rc6 $14) 35... Rc6) 35. Bc4 $1 $18 {[%cal
Rc4f7]} d2 36. Rd1 (36. Bxf7 {gets mated.} dxe1=Q+ 37. Kh2 Qxh4+ 38. Qh3 Qf4+
39. Kg1 Rxh3 40. gxh3 Qxf7 41. h4 Qf3 42. Kh2 Nf6 43. h5 Ng4+ 44. Kg1 Qg3+ 45.
Kh1 Qh2#) 36... Qa7+ {[#]} 37. Kh2 $1 {[%csl Gc4][%cal Rc8g8] White mates.}
Rxh4+ 38. Kg3 {[%csl Gc4][%cal Rc8g8]} Qe3+ 39. Kxh4 {[%csl Gc4][%cal Rc8g8]}
Qf4+ 40. Kh3 {[%csl Gc4][%cal Rc8g8]} Qh6+ 41. Kg4 {[%csl Gc4][%cal Rc8g8]
Weighted Error Value: White=0.08/Black=0.34} 1-0

[Event "FIDE Chesscom Grand Swiss 2021"]
[Site "Riga"]
[Date "2021.10.31"]
[Round "5.17"]
[White "Wojtaszek, Radoslaw"]
[Black "Keymer, Vincent"]
[Result "1/2-1/2"]
[WhiteElo "2691"]
[BlackElo "2630"]
[Annotator "TA"]
[PlyCount "61"]
[EventDate "2021.10.27"]
[EventType "swiss"]
[EventCountry "LAT"]
[Tiebreak "Cut1 Buchholz+Sonneborn-Berger (Swiss)"]
[SourceTitle "playchess.com"]
[Source "ChessBase"]
[SourceQuality "1"]

{[%evp 12,61,20,0,0,0,0,0,0,0,0,-29,0,0,0,0,0,0,0,0,0,0,0,0,0,8,8,5,9,0,0,0,0,
0,0,0,0,0,0,0,0,0,0,0,0,0,0,0,0,0,0,0]} 1. c4 Nf6 2. g3 e6 3. Bg2 d5 4. d4 Bb4+
5. Nd2 O-O 6. Ngf3 dxc4 7. Qc2 a5 {E04: Open Catalan: 5 Nf3.} 8. a3 Bxd2+ 9.
Bxd2 b5 10. a4 c6 11. h4 {[#]} h6 $146 ({Predecessor:} 11... Nbd7 12. h5 h6 13.
g4 Nxg4 14. axb5 Bb7 15. Nh2 Nxf2 16. Kxf2 Qh4+ 17. Kf1 Qf6+ 18. Bf3 {1-0 (18)
Dubov,D (2710)-Ding,L (2791) chess24.com INT 2021}) 12. Ne5 {The position is
equal.} Qxd4 13. Nxc6 Nxc6 14. Bxc6 Rb8 15. axb5 Bb7 16. Bc3 (16. Bxb7 {
keeps more tension.} Rxb7 17. Rxa5 Rfb8 18. Bc3 Qe4 19. Qxe4 Nxe4 20. h5) 16...
Qc5 17. Bxb7 Rxb7 18. Rxa5 Rxb5 19. Rxb5 Qxb5 20. Bxf6 gxf6 $11 {[%mdl 4096]
Endgame KQR-KQR} 21. O-O Rb8 22. Rc1 Qd5 23. Qxc4 (23. e4 {is more complex.}
Qb7 24. Qxc4 Qxb2 25. Qc7 Kg7 26. Qf4) 23... Qxc4 24. Rxc4 Rxb2 {KR-KR} 25. e3
f5 26. Kg2 Ra2 27. g4 fxg4 28. Rxg4+ Kf8 29. Rf4 Kg7 30. Rg4+ Kf8 31. Rf4 {
Not much happened in this game.  Weighted Error Value: White=0.03/Black=0.02}
1/2-1/2

[Event "FIDE Chesscom Grand Swiss 2021"]
[Site "Riga"]
[Date "2021.10.31"]
[Round "5.18"]
[White "Brkic, Ante"]
[Black "Korobov, Anton"]
[Result "0-1"]
[WhiteElo "2621"]
[BlackElo "2690"]
[Annotator "TA"]
[PlyCount "80"]
[EventDate "2021.10.27"]
[EventType "swiss"]
[EventCountry "LAT"]
[Tiebreak "Cut1 Buchholz+Sonneborn-Berger (Swiss)"]
[SourceTitle "playchess.com"]
[Source "ChessBase"]
[SourceQuality "1"]

{[%evp 14,80,20,5,46,47,75,54,70,39,72,0,29,14,45,51,56,-11,-12,-7,-6,-47,-43,
-22,-55,-43,-24,-10,0,0,0,0,0,0,0,0,0,-40,-42,-46,-28,-43,-41,-52,-36,-40,-52,
-308,-290,-247,-293,-320,-310,-329,-329,-329,-329,-320,-314,-337,-323,-488,
-459,-572,-538,-529,-511,-422,-362]} 1. e4 c5 2. Nf3 d6 3. d4 cxd4 4. Nxd4 Nf6
5. Nc3 a6 6. Be3 e6 7. Be2 Be7 8. g4 Nfd7 {B84: Sicilian Scheveningen: 6 Be2
a6, lines without early Be3.} 9. a3 O-O 10. Qd2 b5 {White is slightly better.}
11. g5 Bb7 12. f4 (12. h4 $16) 12... Nc6 {[#]} 13. O-O-O $146 ({Predecessor:} 
13. h4 Rc8 14. h5 Nb6 15. O-O-O Na5 16. g6 Nac4 17. gxf7+ Kxf7 18. Bxc4 Nxc4
19. Qe2 Nxa3 20. h6 {1-0 (20) Aitbayev,A (2742)-Jakubowski,K (2531) Chess.com
INT 2020}) 13... Rb8 14. Rhg1 b4 15. Nxc6 (15. axb4 $14 Nxb4 16. Nb3) 15...
Bxc6 $11 16. axb4 Rxb4 17. Nd5 Rxe4 18. Nxe7+ Qxe7 19. Rg3 d5 20. Bd4 Qd6 21.
Rg4 f5 22. gxf6 Nxf6 23. Rh4 Be8 24. Bf3 Bg6 25. Rg1 {[#]} Rxd4 $1 26. Qxd4 Rc8
27. f5 Bxf5 28. Qxf6 {[%csl Gg1][%cal Rf6g7]} Rxc2+ {[%mdl 64] Double Attack}
29. Kd1 {[%csl Gg1][%cal Rf6g7] [#]} Qc7 $40 {[%mdl 128] Strongly threatening .
..Rc1+. Black has some attack.} 30. Rxg7+ $2 {[%mdl 8192] This costs White the
game.} Qxg7 $19 {[%cal Rg7g1]} 31. Qd8+ Qf8 32. Qg5+ Kh8 33. Be4 Rc4 (33...
Bxe4 34. Qe5+ Kg8 35. Rxe4 $19) ({Less strong is} 33... Rxb2 34. Bxf5 exf5 35.
Qe3 $17) 34. Bxf5 {[%csl Gf5][%cal Rh4h7]} Rxh4 ({Weaker is} 34... exf5 35.
Rxc4 dxc4 36. Kc2 $17) ({Inferior is} 34... Qxf5 35. Qd8+ Kg7 36. Qe7+ Kh8 37.
Qd8+ Kg7 38. Qe7+ Kh8 39. Qd8+ $11) 35. Qxh4 {[%csl Gf5][%cal Rh4h7]} Qxf5 {
KQ-KQ} 36. Qd4+ Kg8 37. b4 (37. Kd2 $142) 37... Qf3+ {Black is clearly winning.
} 38. Kc1 Qh1+ 39. Kb2 {intending Qg4+.} Qxh2+ 40. Ka3 Qd6 {Weighted Error
Value: White=0.31/Black=0.08} 0-1